| 000 | 00345nam a2200121Ia 4500 | ||
|---|---|---|---|
| 008 | 240731s9999 xx 000 0 und d | ||
| 022 | _a2220-1009 | ||
| 245 | 0 | _aJournal of Endocrinology, Metabolism and Diabetes of South Africa | |
| 260 | _bTaylor & Francis | ||
| 856 | _uhttps://www.tandfonline.com/loi/oemd20 | ||
| 942 | _2ddc | ||
| 942 | _cTFEJ | ||
| 999 |
_c77675 _d77675 |
||
| 945 |
_a1 _bMadushi Gamage _c1 _dMadushi Gamage |
||